Sachi Sarkar / (Record no. 524696)

000 -LEADER
fixed length control field 00450nam a22001697a 4500
003 - CONTROL NUMBER IDENTIFIER
control field NUST
038 ## - RECORD CONTENT LICENSOR
Staff Name waseem
082 ## - DEWEY DECIMAL CLASSIFICATION NUMBER
Classification number 891.4911
Author Mark SAM
100 ## - MAIN ENTRY--PERSONAL NAME
Personal name Samar, Abdul Kareem
9 (RLIN) 15488
245 ## - TITLE STATEMENT
Title Sachi Sarkar /
Statement of responsibility, etc. Abdul Kareem Samar
260 ## - PUBLICATION, DISTRIBUTION, ETC.
Place of publication, distribution, etc. Lahore :
Name of publisher, distributor, etc. Tufail Art Printers,
Date of publication, distribution, etc. 1991.
300 ## - PHYSICAL DESCRIPTION
Extent 197 p. ;
500 ## - GENERAL NOTE
General note Hardcover.
880 ## - ALTERNATE GRAPHIC REPRESENTATION
Linkage 100-01\r
Title عبدالکریم ثمر
880 ## - ALTERNATE GRAPHIC REPRESENTATION
Linkage 245-02\r
Title سچی سرکار /
942 ## - ADDED ENTRY ELEMENTS (KOHA)
Source of classification or shelving scheme
Koha item type Book
Holdings
Withdrawn status Lost status Source of classification or shelving scheme Damaged status Not for loan Permanent Location Current Location Date acquired Total Checkouts Full call number Barcode Date last seen Price effective from Koha item type
          Central Library (CL) Central Library (CL) 06/25/2019   891.4911 SAM CL-E-980 06/25/2019 06/25/2019 Book
© 2023 Central Library, National University of Sciences and Technology. All Rights Reserved.